| 000 | 00729cam a2200229 4500 | ||
|---|---|---|---|
| 001 | ABS61890 | ||
| 008 | 000000n2000 000 0 eng u | ||
| 035 | _a(Sirsi) u104617 | ||
| 100 | _aWhelan, H. | ||
| 245 | _aGreen and pleasant housing | ||
| 260 | _c2000 | ||
| 490 |
_aAxis _v55(1) February-March 2000 24-25(2) |
||
| 520 | _aReports on the issues around sustainable building and projects which were explored at "A room for innovation" seminar in December 1999. | ||
| 590 | _aABS | ||
| 650 | _aPREFABRICATION | ||
| 650 | _aHEMP | ||
| 650 | _aZERO-ENERGY HOUSING | ||
| 650 | _aENVIRONMENTAL IMPACT | ||
| 650 | _aA ROOM FOR INNOVATION SEMINAR | ||
| 690 | _aBUILT ENVIRONMENT-SUSTAINABLE CONSTRUCTION | ||
| 942 | _n0 | ||
| 999 |
_c62771 _d62771 |
||